[Event "European Women's Championship"]
[Site "Vysoke Tatry"]
[Date "2018.04.17"]
[Round "9"]
[White "Doluhanova, Evgeniya"]
[Black "Mrvova, Alena"]
[Result "0-1"]
[Board "40"]
[WhiteElo "2304"]
[WhiteTitle "WGM"]
[WhiteCountry "UKR"]
[WhiteFideId "14112035"]
[WhiteEloChange "-13"]
[BlackElo "2179"]
[BlackTitle "WIM"]
[BlackCountry "SVK"]
[BlackFideId "14902036"]
[BlackEloChange "13"]

1. d4 {[%clk 1:30:24]} Nf6 {[%clk 1:30:25]} 2. Bf4 {[%clk 1:30:48]} d5 {[%clk
1:30:01]} 3. e3 {[%clk 1:30:27]} e6 {[%clk 1:30:02]} 4. Nf3 {[%clk 1:29:15]} Bd6
{[%clk 1:29:55]} 5. Ne5 {[%clk 1:28:44]} O-O {[%clk 1:28:07]} 6. Bd3 {[%clk
1:25:32]} c5 {[%clk 1:27:34]} 7. c3 {[%clk 1:25:49]} Nc6 {[%clk 1:23:12]} 8. Nd2
{[%clk 1:21:18]} Qc7 {[%clk 1:20:39]} 9. Ndf3 {[%clk 1:15:20]} Ne4 {[%clk
1:15:51]} 10. Bg3 {[%clk 1:07:05]} f6 {[%clk 1:07:29]} 11. Nxc6 {[%clk 1:03:18]}
Qxc6 {[%clk 1:06:55]} 12. Qc2 {[%clk 1:01:42]} Be7 {[%clk 1:00:55]} 13. dxc5
{[%clk 0:52:46]} e5 {[%clk 0:48:31]} 14. b4 {[%clk 0:42:21]} b6 {[%clk 0:46:09]}
15. c4 {[%clk 0:38:56]} Be6 {[%clk 0:45:27]} 16. Bxe4 {[%clk 0:13:05]} dxe4
{[%clk 0:45:51]} 17. Nd2 {[%clk 0:13:29]} bxc5 {[%clk 0:44:01]} 18. b5 {[%clk
0:13:37]} Qb7 {[%clk 0:41:17]} 19. O-O {[%clk 0:12:33]} Rad8 {[%clk 0:40:34]} 20.
Rfd1 {[%clk 0:10:54]} Bg4 {[%clk 0:37:23]} 21. Re1 {[%clk 0:11:19]} Bf5 {[%clk
0:37:42]} 22. Rad1 {[%clk 0:10:54]} Rd3 {[%clk 0:36:07]} 23. f3 {[%clk 0:05:49]}
Rfd8 {[%clk 0:32:41]} 24. Nxe4 {[%clk 0:04:38]} Bxe4 {[%clk 0:32:51]} 25. fxe4
{[%clk 0:05:03]} Qxe4 {[%clk 0:32:50]} 26. Rxd3 {[%clk 0:04:07]} Qxd3 {[%clk
0:33:10]} 27. Qa4 {[%clk 0:03:15]} Rd7 {[%clk 0:32:26]} 28. e4 {[%clk 0:03:04]}
Bd8 {[%clk 0:31:56]} 29. Bf2 {[%clk 0:03:29]} Bb6 {[%clk 0:32:21]} 30. h3 {[%clk
0:03:45]} Qd2 {[%clk 0:31:38]} 31. Qa6 {[%clk 0:03:52]} Rd8 {[%clk 0:30:46]} 32.
Qa3 {[%clk 0:03:06]} Qc2 {[%clk 0:23:15]} 33. Qb3 {[%clk 0:01:06]} Rd2 {[%clk
0:22:37]} 34. Qg3 {[%clk 0:01:16]} Qxc4 {[%clk 0:18:03]} 35. Be3 {[%clk 0:01:29]}
Rd3 {[%clk 0:17:04]} 36. Qg4 {[%clk 0:01:12]} Qxa2 {[%clk 0:16:28]} 37. Bh6
{[%clk 0:01:19]} Qf7 {[%clk 0:16:15]} 38. Rf1 {[%clk 0:01:06]} c4+ {[%clk
0:16:18]} 39. Kh2 {[%clk 0:01:33]} Qd7 {[%clk 0:14:34]} 40. Rf5 {[%clk 0:31:21]}
c3 {[%clk 0:41:03]} 41. Bc1 {[%clk 0:27:06]} Rd1 {[%clk 0:40:01]} 42. Ba3 {[%clk
0:26:54]} Bg1+ {[%clk 0:38:39]} 43. Kg3 {[%clk 0:27:05]} c2 {[%clk 0:37:57]} 0-1

[Event "European Women's Championship"]
[Site "Vysoke Tatry"]
[Date "2018.04.17"]
[Round "9"]
[White "Eric, Jovana"]
[Black "Rodshtein, Tereza"]
[Result "1-0"]
[Board "41"]
[WhiteElo "2300"]
[WhiteTitle "WIM"]
[WhiteCountry "SRB"]
[WhiteFideId "938238"]
[WhiteEloChange "8"]
[BlackElo "2226"]
[BlackTitle "WGM"]
[BlackCountry "CZE"]
[BlackFideId "325449"]
[BlackEloChange "-8"]

1. e4 {[%clk 1:30:56]} e5 {[%clk 1:30:48]} 2. Nf3 {[%clk 1:31:17]} Nc6 {[%clk
1:31:08]} 3. c3 {[%clk 1:31:33]} d5 {[%clk 1:28:23]} 4. Qa4 {[%clk 1:30:29]} Bd7
{[%clk 1:23:32]} 5. exd5 {[%clk 1:27:55]} Nd4 {[%clk 1:23:33]} 6. Qd1 {[%clk
1:28:11]} Nxf3+ {[%clk 1:23:29]} 7. Qxf3 {[%clk 1:28:35]} Nf6 {[%clk 1:23:33]} 8.
Bc4 {[%clk 1:24:42]} e4 {[%clk 1:10:50]} 9. Qe2 {[%clk 1:22:01]} Bd6 {[%clk
1:09:02]} 10. d3 {[%clk 1:16:54]} O-O {[%clk 1:07:23]} 11. O-O {[%clk 1:14:34]}
Re8 {[%clk 0:45:59]} 12. h3 {[%clk 1:10:11]} exd3 {[%clk 0:41:02]} 13. Qxd3
{[%clk 1:10:17]} Ne4 {[%clk 0:41:14]} 14. Nd2 {[%clk 1:03:31]} Nc5 {[%clk
0:39:43]} 15. Qf3 {[%clk 0:58:29]} b5 {[%clk 0:32:30]} 16. Bd3 {[%clk 0:53:34]}
Qe7 {[%clk 0:31:57]} 17. Rd1 {[%clk 0:52:21]} c6 {[%clk 0:25:12]} 18. Nf1 {[%clk
0:50:20]} Rac8 {[%clk 0:23:55]} 19. Be3 {[%clk 0:46:03]} Nxd3 {[%clk 0:19:47]}
20. Rxd3 {[%clk 0:46:26]} c5 {[%clk 0:20:11]} 21. Bf4 {[%clk 0:43:29]} Bxf4
{[%clk 0:19:09]} 22. Qxf4 {[%clk 0:43:53]} c4 {[%clk 0:19:02]} 23. Rf3 {[%clk
0:40:05]} f6 {[%clk 0:17:34]} 24. Re3 {[%clk 0:38:46]} Qf7 {[%clk 0:18:02]} 25.
Rd1 {[%clk 0:38:55]} Qg6 {[%clk 0:16:26]} 26. d6 {[%clk 0:35:11]} Qc2 {[%clk
0:15:04]} 27. Rd2 {[%clk 0:33:32]} Qc1 {[%clk 0:15:17]} 28. Re7 {[%clk 0:32:08]}
Be6 {[%clk 0:10:16]} 29. Qe4 {[%clk 0:24:52]} Rxe7 {[%clk 0:07:36]} 30. dxe7
{[%clk 0:25:17]} Kf7 {[%clk 0:08:03]} 31. Rd8 {[%clk 0:25:04]} 1-0

[Event "European Women's Championship"]
[Site "Vysoke Tatry"]
[Date "2018.04.17"]
[Round "9"]
[White "Worek, Joanna"]
[Black "Kusenkova, Natallia"]
[Result "1-0"]
[Board "42"]
[WhiteElo "2295"]
[WhiteTitle "WGM"]
[WhiteCountry "CZE"]
[WhiteFideId "1118080"]
[WhiteEloChange "6"]
[BlackElo "2134"]
[BlackCountry "BLR"]
[BlackFideId "13506501"]
[BlackEloChange "-6"]

1. e4 {[%clk 1:30:58]} e5 {[%clk 1:30:55]} 2. Nf3 {[%clk 1:31:25]} Nc6 {[%clk
1:31:22]} 3. Bc4 {[%clk 1:31:49]} Nf6 {[%clk 1:31:38]} 4. d3 {[%clk 1:31:08]} Be7
{[%clk 1:31:48]} 5. O-O {[%clk 1:31:15]} O-O {[%clk 1:32:06]} 6. a4 {[%clk
1:31:13]} d5 {[%clk 1:22:43]} 7. exd5 {[%clk 1:31:14]} Nxd5 {[%clk 1:23:04]} 8.
Re1 {[%clk 1:30:30]} Nb6 {[%clk 1:19:10]} 9. Bb5 {[%clk 1:26:38]} f6 {[%clk
1:16:35]} 10. a5 {[%clk 1:26:24]} Nd5 {[%clk 1:14:01]} 11. c3 {[%clk 1:24:43]}
Kh8 {[%clk 1:08:38]} 12. Nbd2 {[%clk 1:22:58]} a6 {[%clk 1:05:29]} 13. Bc4 {[%clk
1:22:11]} b5 {[%clk 1:02:35]} 14. axb6 {[%clk 1:16:02]} Nxb6 {[%clk 0:58:20]} 15.
Qb3 {[%clk 1:10:10]} Nxc4 {[%clk 0:44:51]} 16. Qxc4 {[%clk 1:10:35]} Qd7 {[%clk
0:44:29]} 17. Nf1 {[%clk 0:59:43]} a5 {[%clk 0:42:28]} 18. b4 {[%clk 0:58:21]}
Bb7 {[%clk 0:40:21]} 19. b5 {[%clk 0:56:15]} Nd8 {[%clk 0:39:56]} 20. d4 {[%clk
0:53:50]} Bxf3 {[%clk 0:33:11]} 21. gxf3 {[%clk 0:54:13]} Nf7 {[%clk 0:33:10]}
22. Qe2 {[%clk 0:42:43]} Rfe8 {[%clk 0:31:40]} 23. Rd1 {[%clk 0:41:20]} exd4
{[%clk 0:30:39]} 24. Rxd4 {[%clk 0:41:29]} Bd6 {[%clk 0:30:31]} 25. Be3 {[%clk
0:34:58]} Qh3 {[%clk 0:27:47]} 26. Raa4 {[%clk 0:30:31]} Ng5 {[%clk 0:20:11]} 27.
Ng3 {[%clk 0:28:40]} h6 {[%clk 0:16:31]} 28. Rh4 {[%clk 0:27:59]} Qd7 {[%clk
0:16:04]} 29. Ne4 {[%clk 0:21:43]} Bf8 {[%clk 0:12:43]} 30. Kg2 {[%clk 0:15:53]}
Qf5 {[%clk 0:12:40]} 31. Nxg5 {[%clk 0:13:28]} fxg5 {[%clk 0:12:59]} 32. Rhe4
{[%clk 0:13:51]} Bd6 {[%clk 0:11:31]} 33. Rxa5 {[%clk 0:13:32]} Rad8 {[%clk
0:02:40]} 34. Bd4 {[%clk 0:12:35]} Rf8 {[%clk 0:02:58]} 35. c4 {[%clk 0:10:00]}
Rf7 {[%clk 0:02:21]} 36. c5 {[%clk 0:08:49]} Bf4 {[%clk 0:02:44]} 37. Re8+ {[%clk
0:07:35]} Rxe8 {[%clk 0:01:43]} 38. Qxe8+ {[%clk 0:08:00]} Rf8 {[%clk 0:02:10]}
39. Qe4 {[%clk 0:07:40]} Qc8 {[%clk 0:01:37]} 40. b6 {[%clk 0:36:27]} cxb6 {[%clk
0:30:49]} 41. cxb6 {[%clk 0:36:49]} Bb8 {[%clk 0:28:45]} 42. Qe7 {[%clk 0:31:53]}
Rg8 {[%clk 0:28:50]} 43. b7 {[%clk 0:22:18]} Qc4 {[%clk 0:23:46]} 44. Qd7 {[%clk
0:21:17]} Qc1 {[%clk 0:20:41]} 45. Rc5 {[%clk 0:18:25]} 1-0

[Event "European Women's Championship"]
[Site "Vysoke Tatry"]
[Date "2018.04.17"]
[Round "9"]
[White "Stetsko, Lanita"]
[Black "Zhukova, Natalia"]
[Result "1-0"]
[Board "43"]
[WhiteElo "2164"]
[WhiteTitle "FM"]
[WhiteCountry "BLR"]
[WhiteFideId "13505300"]
[WhiteEloChange "16"]
[BlackElo "2426"]
[BlackTitle "GM"]
[BlackCountry "UKR"]
[BlackFideId "14101513"]
[BlackEloChange "-8"]

1. e4 {[%clk 1:30:55]} e5 {[%clk 1:30:17]} 2. Nf3 {[%clk 1:31:10]} Nc6 {[%clk
1:30:40]} 3. Bb5 {[%clk 1:31:31]} a6 {[%clk 1:30:52]} 4. Ba4 {[%clk 1:31:47]} b5
{[%clk 1:30:44]} 5. Bb3 {[%clk 1:31:52]} g6 {[%clk 1:31:03]} 6. d4 {[%clk
1:26:47]} exd4 {[%clk 1:31:21]} 7. Bg5 {[%clk 1:07:49]} Be7 {[%clk 1:30:54]} 8.
Bxe7 {[%clk 1:06:44]} Ngxe7 {[%clk 1:30:58]} 9. Nxd4 {[%clk 1:03:04]} Na5 {[%clk
1:31:11]} 10. Nf3 {[%clk 0:58:49]} Bb7 {[%clk 1:25:43]} 11. Nc3 {[%clk 0:48:28]}
Nxb3 {[%clk 1:21:24]} 12. axb3 {[%clk 0:48:53]} O-O {[%clk 1:21:44]} 13. Qd4
{[%clk 0:44:38]} d5 {[%clk 0:57:28]} 14. O-O-O {[%clk 0:39:56]} dxe4 {[%clk
0:41:53]} 15. Qe5 {[%clk 0:31:43]} Qc8 {[%clk 0:35:05]} 16. Nxe4 {[%clk 0:30:39]}
Bxe4 {[%clk 0:35:29]} 17. Qxe4 {[%clk 0:31:06]} Re8 {[%clk 0:35:10]} 18. Rhe1
{[%clk 0:25:29]} a5 {[%clk 0:22:09]} 19. Ne5 {[%clk 0:24:13]} Nf5 {[%clk
0:16:11]} 20. Qd5 {[%clk 0:23:13]} Nd6 {[%clk 0:10:52]} 21. Qd4 {[%clk 0:18:28]}
h5 {[%clk 0:07:46]} 22. g4 {[%clk 0:10:06]} h4 {[%clk 0:04:59]} 23. g5 {[%clk
0:07:35]} Qf5 {[%clk 0:05:20]} 24. Ng4 {[%clk 0:07:22]} Qxg5+ {[%clk 0:05:45]}
25. Kb1 {[%clk 0:07:45]} Re6 {[%clk 0:00:45]} 26. Rxe6 {[%clk 0:07:41]} fxe6
{[%clk 0:01:14]} 27. Nf6+ {[%clk 0:07:57]} Kf7 {[%clk 0:01:41]} 28. Nd7 {[%clk
0:07:47]} a4 {[%clk 0:01:07]} 29. Ne5+ {[%clk 0:06:34]} Ke7 {[%clk 0:01:24]} 30.
Qc5 {[%clk 0:02:49]} Rc8 {[%clk 0:01:06]} 31. f4 {[%clk 0:02:31]} Qg2 {[%clk
0:00:34]} 32. Rxd6 {[%clk 0:01:45]} Qf1+ {[%clk 0:00:33]} 33. Rd1+ {[%clk
0:01:57]} 1-0

[Event "European Women's Championship"]
[Site "Vysoke Tatry"]
[Date "2018.04.17"]
[Round "9"]
[White "Savina, Anastasia"]
[Black "Kantane, Anna"]
[Result "1/2-1/2"]
[Board "44"]
[WhiteElo "2358"]
[WhiteTitle "IM"]
[WhiteCountry "RUS"]
[WhiteFideId "4196872"]
[WhiteEloChange "-3"]
[BlackElo "2266"]
[BlackTitle "WIM"]
[BlackCountry "POL"]
[BlackFideId "1135988"]
[BlackEloChange "3"]

1. d4 {[%clk 1:30:57]} Nf6 {[%clk 1:30:51]} 2. c4 {[%clk 1:31:24]} g6 {[%clk
1:31:13]} 3. Nc3 {[%clk 1:31:49]} d5 {[%clk 1:31:35]} 4. cxd5 {[%clk 1:28:22]}
Nxd5 {[%clk 1:31:54]} 5. e4 {[%clk 1:28:42]} Nxc3 {[%clk 1:32:13]} 6. bxc3 {[%clk
1:29:10]} Bg7 {[%clk 1:31:57]} 7. Be3 {[%clk 1:29:15]} c5 {[%clk 1:31:32]} 8. Qd2
{[%clk 1:29:24]} Qa5 {[%clk 1:31:18]} 9. Rc1 {[%clk 1:29:48]} cxd4 {[%clk
1:31:29]} 10. cxd4 {[%clk 1:30:15]} Qxd2+ {[%clk 1:31:47]} 11. Bxd2 {[%clk
1:28:46]} O-O {[%clk 1:32:06]} 12. Nf3 {[%clk 1:28:13]} e6 {[%clk 1:31:58]} 13.
Bb5 {[%clk 1:19:00]} Nc6 {[%clk 1:23:32]} 14. Be3 {[%clk 1:02:39]} Rd8 {[%clk
1:07:00]} 15. Bxc6 {[%clk 1:01:03]} bxc6 {[%clk 1:06:45]} 16. Ne5 {[%clk
0:55:48]} Bxe5 {[%clk 0:50:27]} 17. dxe5 {[%clk 0:54:56]} Ba6 {[%clk 0:42:10]}
18. f3 {[%clk 0:52:35]} Rab8 {[%clk 0:38:55]} 19. Kf2 {[%clk 0:50:20]} Rb2+
{[%clk 0:32:12]} 20. Kg3 {[%clk 0:50:39]} Kg7 {[%clk 0:31:31]} 21. a4 {[%clk
0:31:07]} h6 {[%clk 0:19:12]} 22. Rxc6 {[%clk 0:25:01]} Bb7 {[%clk 0:19:16]} 23.
Rd6 {[%clk 0:18:47]} Rc8 {[%clk 0:18:47]} 24. Rhd1 {[%clk 0:10:14]} Rc4 {[%clk
0:10:36]} 25. a5 {[%clk 0:08:38]} Ra4 {[%clk 0:09:51]} 26. Bd4 {[%clk 0:03:09]}
Rb3 {[%clk 0:06:54]} 27. Rc1 {[%clk 0:02:25]} Bxe4 {[%clk 0:03:52]} 28. Rc7
{[%clk 0:02:42]} Rb7 {[%clk 0:03:13]} 29. Rc8 {[%clk 0:02:47]} Bd5 {[%clk
0:02:50]} 30. a6 {[%clk 0:01:32]} Rb3 {[%clk 0:01:12]} 31. h4 {[%clk 0:00:31]}
Rc4 {[%clk 0:00:39]} 32. Rxc4 {[%clk 0:00:21]} Bxc4 {[%clk 0:01:04]} 33. Rd7
{[%clk 0:00:32]} Rd3 {[%clk 0:00:36]} 34. Rd6 {[%clk 0:00:33]} Bxa6 {[%clk
0:00:40]} 35. Bxa7 {[%clk 0:00:40]} Rxd6 {[%clk 0:00:37]} 36. exd6 {[%clk
0:01:09]} Bb5 {[%clk 0:00:55]} 37. Kf4 {[%clk 0:01:05]} f6 {[%clk 0:01:00]} 38.
Ke4 {[%clk 0:01:06]} Kf7 {[%clk 0:00:51]} 39. Kd4 {[%clk 0:01:27]} Ke8 {[%clk
0:00:43]} 40. Kc5 {[%clk 0:31:49]} Ba4 {[%clk 0:30:51]} 41. Kb4 {[%clk 0:28:38]}
Bc6 {[%clk 0:24:33]} 42. Be3 {[%clk 0:26:48]} h5 {[%clk 0:22:59]} 43. Kc5 {[%clk
0:26:38]} Ba4 {[%clk 0:22:42]} 44. Bh6 {[%clk 0:25:32]} e5 {[%clk 0:16:21]} 45.
Kd5 {[%clk 0:21:45]} Kf7 {[%clk 0:15:13]} 46. Bd2 {[%clk 0:21:02]} Bd7 {[%clk
0:14:42]} 47. Ba5 {[%clk 0:20:37]} Ba4 {[%clk 0:13:35]} 48. g4 {[%clk 0:09:00]}
Bd7 {[%clk 0:12:57]} 49. g5 {[%clk 0:09:01]} fxg5 {[%clk 0:10:00]} 50. hxg5
{[%clk 0:09:28]} Ke8 {[%clk 0:08:06]} 51. Be1 {[%clk 0:09:27]} Bf5 {[%clk
0:07:55]} 52. Kxe5 {[%clk 0:07:56]} 1/2-1/2

[Event "European Women's Championship"]
[Site "Vysoke Tatry"]
[Date "2018.04.17"]
[Round "9"]
[White "Ionescu, Irina"]
[Black "Buksa, Nataliya"]
[Result "1/2-1/2"]
[Board "45"]
[WhiteElo "2247"]
[WhiteTitle "WGM"]
[WhiteCountry "ROU"]
[WhiteFideId "1204750"]
[WhiteEloChange "3"]
[BlackElo "2357"]
[BlackTitle "WGM"]
[BlackCountry "UKR"]
[BlackFideId "14123622"]
[BlackEloChange "-3"]

1. e4 {[%clk 1:30:50]} e5 {[%clk 1:30:56]} 2. Nf3 {[%clk 1:31:08]} Nc6 {[%clk
1:31:23]} 3. Bc4 {[%clk 1:31:26]} Bc5 {[%clk 1:31:48]} 4. c3 {[%clk 1:31:07]} Nf6
{[%clk 1:32:13]} 5. d3 {[%clk 1:31:32]} d6 {[%clk 1:32:39]} 6. Bb3 {[%clk
1:31:46]} a6 {[%clk 1:32:57]} 7. Nbd2 {[%clk 1:32:03]} h6 {[%clk 1:32:18]} 8. h3
{[%clk 1:32:01]} Ba7 {[%clk 1:32:41]} 9. Nf1 {[%clk 1:31:24]} d5 {[%clk 1:33:02]}
10. Qe2 {[%clk 1:31:35]} d4 {[%clk 1:33:14]} 11. Ng3 {[%clk 1:31:11]} Be6 {[%clk
1:32:35]} 12. Bxe6 {[%clk 1:20:41]} fxe6 {[%clk 1:33:03]} 13. c4 {[%clk 1:20:55]}
Bc5 {[%clk 1:22:52]} 14. O-O {[%clk 1:19:07]} a5 {[%clk 1:09:13]} 15. b3 {[%clk
1:05:35]} Qd6 {[%clk 1:06:18]} 16. Nxe5 {[%clk 1:02:10]} Nxe5 {[%clk 0:54:30]}
17. f4 {[%clk 1:02:20]} Nfd7 {[%clk 0:53:49]} 18. fxe5 {[%clk 1:01:21]} Nxe5
{[%clk 0:54:17]} 19. Bd2 {[%clk 0:50:17]} Bb4 {[%clk 0:36:32]} 20. Bf4 {[%clk
0:44:31]} g5 {[%clk 0:36:47]} 21. Qh5+ {[%clk 0:34:19]} Kd7 {[%clk 0:37:14]} 22.
Bxe5 {[%clk 0:34:01]} Qxe5 {[%clk 0:37:42]} 23. Qf7+ {[%clk 0:33:27]} Kc6 {[%clk
0:37:24]} 24. Rf6 {[%clk 0:17:26]} Rae8 {[%clk 0:15:09]} 25. Nf5 {[%clk 0:17:16]}
Rhf8 {[%clk 0:07:54]} 26. Ne7+ {[%clk 0:17:02]} Kd6 {[%clk 0:08:23]} 27. Nf5+
{[%clk 0:04:18]} Kc6 {[%clk 0:05:58]} 28. Ne7+ {[%clk 0:04:43]} Kd6 {[%clk
0:04:56]} 29. Nf5+ {[%clk 0:04:52]} Kc6 {[%clk 0:04:56]} 1/2-1/2

[Event "European Women's Championship"]
[Site "Vysoke Tatry"]
[Date "2018.04.17"]
[Round "9"]
[White "Sandu, Mihaela"]
[Black "Sliwicka, Alicja"]
[Result "1-0"]
[Board "46"]
[WhiteElo "2240"]
[WhiteTitle "WGM"]
[WhiteCountry "ROU"]
[WhiteFideId "1204327"]
[WhiteEloChange "13"]
[BlackElo "2329"]
[BlackTitle "WFM"]
[BlackCountry "POL"]
[BlackFideId "1150677"]
[BlackEloChange "-13"]

1. e4 {[%clk 1:30:44]} c5 {[%clk 1:30:55]} 2. Nf3 {[%clk 1:31:10]} d6 {[%clk
1:31:19]} 3. d4 {[%clk 1:31:36]} cxd4 {[%clk 1:31:44]} 4. Nxd4 {[%clk 1:32:04]}
Nf6 {[%clk 1:32:06]} 5. Nc3 {[%clk 1:32:31]} Bd7 {[%clk 1:32:29]} 6. Be2 {[%clk
1:32:34]} e5 {[%clk 1:32:53]} 7. Ndb5 {[%clk 1:31:23]} Bc6 {[%clk 1:33:14]} 8.
Bg5 {[%clk 1:31:21]} a6 {[%clk 1:33:37]} 9. Na3 {[%clk 1:27:19]} Nbd7 {[%clk
1:33:08]} 10. Nc4 {[%clk 1:26:29]} Qc7 {[%clk 1:32:47]} 11. f3 {[%clk 1:13:17]}
h6 {[%clk 1:29:46]} 12. Bh4 {[%clk 1:11:48]} Be7 {[%clk 1:28:01]} 13. Bf2 {[%clk
1:12:02]} O-O {[%clk 1:26:42]} 14. O-O {[%clk 1:10:07]} Rfd8 {[%clk 1:24:06]} 15.
Ne3 {[%clk 1:08:42]} Nb6 {[%clk 1:20:32]} 16. Ncd5 {[%clk 1:04:05]} Nbxd5 {[%clk
1:20:35]} 17. exd5 {[%clk 1:04:21]} Be8 {[%clk 1:16:08]} 18. c4 {[%clk 1:01:42]}
g6 {[%clk 1:13:34]} 19. b4 {[%clk 0:57:04]} b5 {[%clk 1:10:52]} 20. Qd2 {[%clk
0:48:23]} Qb7 {[%clk 1:07:32]} 21. Rfd1 {[%clk 0:48:20]} Nh7 {[%clk 1:00:17]} 22.
Rac1 {[%clk 0:37:44]} bxc4 {[%clk 0:55:12]} 23. Nxc4 {[%clk 0:36:59]} Bg5 {[%clk
0:55:05]} 24. Be3 {[%clk 0:37:04]} Bxe3+ {[%clk 0:51:36]} 25. Qxe3 {[%clk
0:36:15]} f5 {[%clk 0:46:02]} 26. a3 {[%clk 0:34:03]} f4 {[%clk 0:40:10]} 27. Qf2
{[%clk 0:31:08]} Nf6 {[%clk 0:33:33]} 28. Na5 {[%clk 0:31:17]} Qg7 {[%clk
0:32:50]} 29. Qb6 {[%clk 0:23:35]} g5 {[%clk 0:27:16]} 30. Rc7 {[%clk 0:23:30]}
Rd7 {[%clk 0:26:12]} 31. Rxd7 {[%clk 0:23:37]} Qxd7 {[%clk 0:25:53]} 32. Qb7
{[%clk 0:15:50]} Qxb7 {[%clk 0:23:12]} 33. Nxb7 {[%clk 0:16:16]} Ba4 {[%clk
0:21:46]} 34. Rc1 {[%clk 0:15:01]} Ne8 {[%clk 0:19:40]} 35. Bd3 {[%clk 0:13:33]}
Kf7 {[%clk 0:18:35]} 36. Kf2 {[%clk 0:13:05]} Ke7 {[%clk 0:17:29]} 37. Ke1 {[%clk
0:12:59]} Ra7 {[%clk 0:14:06]} 38. Na5 {[%clk 0:12:54]} Nf6 {[%clk 0:12:27]} 39.
b5 {[%clk 0:09:01]} Ra8 {[%clk 0:11:45]} 40. b6 {[%clk 0:33:44]} Nd7 {[%clk
0:39:03]} 41. b7 {[%clk 0:32:26]} Rf8 {[%clk 0:37:52]} 42. Rc7 {[%clk 0:30:40]}
Kf6 {[%clk 0:32:39]} 43. Rc8 {[%clk 0:30:30]} 1-0

[Event "European Women's Championship"]
[Site "Vysoke Tatry"]
[Date "2018.04.17"]
[Round "9"]
[White "Cibickova, Zuzana"]
[Black "Gevorgyan, Maria"]
[Result "1-0"]
[Board "47"]
[WhiteElo "2327"]
[WhiteTitle "WGM"]
[WhiteCountry "SVK"]
[WhiteFideId "14905779"]
[WhiteEloChange "7"]
[BlackElo "2226"]
[BlackTitle "WIM"]
[BlackCountry "ARM"]
[BlackFideId "13300270"]
[BlackEloChange "-7"]

1. e4 {[%clk 1:30:58]} e5 {[%clk 1:30:53]} 2. Nf3 {[%clk 1:31:23]} Nc6 {[%clk
1:31:19]} 3. Bc4 {[%clk 1:31:06]} Bc5 {[%clk 1:31:42]} 4. c3 {[%clk 1:30:41]} Nf6
{[%clk 1:32:06]} 5. d3 {[%clk 1:30:56]} a6 {[%clk 1:32:24]} 6. Bb3 {[%clk
1:29:50]} d6 {[%clk 1:32:01]} 7. Nbd2 {[%clk 1:29:51]} Ba7 {[%clk 1:32:03]} 8.
O-O {[%clk 1:29:00]} h6 {[%clk 1:32:17]} 9. Nc4 {[%clk 1:24:49]} O-O {[%clk
1:30:50]} 10. h3 {[%clk 1:23:09]} Be6 {[%clk 1:30:35]} 11. Re1 {[%clk 1:18:27]}
Re8 {[%clk 1:28:05]} 12. Ne3 {[%clk 1:17:31]} b5 {[%clk 1:17:06]} 13. Nh2 {[%clk
1:09:10]} d5 {[%clk 1:09:42]} 14. Qf3 {[%clk 1:07:03]} Ne7 {[%clk 0:55:10]} 15.
Nhg4 {[%clk 1:00:40]} Nxg4 {[%clk 0:55:18]} 16. Nxg4 {[%clk 0:58:22]} dxe4 {[%clk
0:55:21]} 17. dxe4 {[%clk 0:54:43]} Ng6 {[%clk 0:53:29]} 18. Be3 {[%clk 0:50:44]}
h5 {[%clk 0:52:51]} 19. Nh2 {[%clk 0:50:27]} Bxe3 {[%clk 0:52:13]} 20. Qxe3
{[%clk 0:48:14]} Nf4 {[%clk 0:43:26]} 21. Rad1 {[%clk 0:46:50]} Qc8 {[%clk
0:34:40]} 22. h4 {[%clk 0:38:49]} Bxb3 {[%clk 0:21:01]} 23. axb3 {[%clk 0:39:08]}
Re6 {[%clk 0:19:30]} 24. g3 {[%clk 0:38:24]} Rg6 {[%clk 0:19:51]} 25. Kh1 {[%clk
0:38:18]} Qh3 {[%clk 0:16:21]} 26. Qf3 {[%clk 0:37:55]} Ne6 {[%clk 0:13:14]} 27.
Qxh5 {[%clk 0:34:15]} Ng5 {[%clk 0:08:57]} 28. Re3 {[%clk 0:24:20]} Rf6 {[%clk
0:07:31]} 29. Qe2 {[%clk 0:18:25]} Nh7 {[%clk 0:06:28]} 30. Qg4 {[%clk 0:17:58]}
Qxg4 {[%clk 0:06:35]} 31. Nxg4 {[%clk 0:18:23]} Re6 {[%clk 0:07:03]} 32. b4
{[%clk 0:16:23]} Nf8 {[%clk 0:05:37]} 33. Red3 {[%clk 0:16:11]} f6 {[%clk
0:03:17]} 34. Ne3 {[%clk 0:15:31]} Kf7 {[%clk 0:02:42]} 35. Rd5 {[%clk 0:13:18]}
g6 {[%clk 0:02:14]} 36. Kg2 {[%clk 0:12:50]} Ke7 {[%clk 0:01:41]} 37. h5 {[%clk
0:12:47]} gxh5 {[%clk 0:01:53]} 38. Rh1 {[%clk 0:12:43]} c6 {[%clk 0:01:45]} 39.
Rdd1 {[%clk 0:12:06]} a5 {[%clk 0:00:53]} 40. bxa5 {[%clk 0:41:23]} Rxa5 {[%clk
0:31:07]} 41. Rxh5 {[%clk 0:41:16]} Ra8 {[%clk 0:26:00]} 42. b4 {[%clk 0:34:47]}
Kf7 {[%clk 0:24:09]} 43. Nf5 {[%clk 0:34:21]} Kg6 {[%clk 0:24:10]} 44. Rh6+
{[%clk 0:32:14]} Kf7 {[%clk 0:24:39]} 45. Rh8 {[%clk 0:32:19]} Rae8 {[%clk
0:19:18]} 46. Ra1 {[%clk 0:29:52]} R6e7 {[%clk 0:11:06]} 47. Nxe7 {[%clk
0:28:21]} Rxe7 {[%clk 0:10:33]} 48. Ra8 {[%clk 0:28:15]} Ne6 {[%clk 0:11:01]} 49.
Rh7+ {[%clk 0:26:51]} Ng7 {[%clk 0:11:30]} 50. Rc8 {[%clk 0:27:07]} Kg6 {[%clk
0:11:50]} 51. Rh4 {[%clk 0:27:20]} Re6 {[%clk 0:11:09]} 52. Rg4+ {[%clk 0:27:33]}
1-0

[Event "European Women's Championship"]
[Site "Vysoke Tatry"]
[Date "2018.04.17"]
[Round "9"]
[White "Theissl Pokorna, Regina"]
[Black "Zherebtsova, Alexandra"]
[Result "1-0"]
[Board "48"]
[WhiteElo "2320"]
[WhiteTitle "WGM"]
[WhiteCountry "AUT"]
[WhiteFideId "14902052"]
[WhiteEloChange "7"]
[BlackElo "2202"]
[BlackTitle "WFM"]
[BlackCountry "RUS"]
[BlackFideId "24129518"]
[BlackEloChange "-7"]

1. e4 {[%clk 1:30:30]} e5 {[%clk 1:30:47]} 2. Nf3 {[%clk 1:31:22]} Nc6 {[%clk
1:31:14]} 3. Bb5 {[%clk 1:31:33]} a6 {[%clk 1:31:40]} 4. Ba4 {[%clk 1:32:00]} Nf6
{[%clk 1:32:03]} 5. O-O {[%clk 1:32:20]} Be7 {[%clk 1:32:18]} 6. Bxc6 {[%clk
1:32:22]} dxc6 {[%clk 1:31:40]} 7. d3 {[%clk 1:32:42]} Nd7 {[%clk 1:31:33]} 8.
Nbd2 {[%clk 1:33:04]} O-O {[%clk 1:31:01]} 9. Nc4 {[%clk 1:33:21]} f6 {[%clk
1:30:59]} 10. Nh4 {[%clk 1:33:24]} g6 {[%clk 1:01:29]} 11. Bh6 {[%clk 1:13:20]}
Rf7 {[%clk 1:00:07]} 12. f4 {[%clk 1:13:09]} exf4 {[%clk 0:58:35]} 13. Rxf4
{[%clk 1:13:17]} Nf8 {[%clk 0:47:10]} 14. Rf1 {[%clk 1:05:43]} b5 {[%clk
0:38:02]} 15. Ne3 {[%clk 1:02:01]} f5 {[%clk 0:33:59]} 16. Nf3 {[%clk 0:42:32]}
f4 {[%clk 0:22:31]} 17. Ne5 {[%clk 0:42:34]} Bc5 {[%clk 0:22:35]} 18. Nxf7 {[%clk
0:42:53]} Bxe3+ {[%clk 0:22:51]} 19. Kh1 {[%clk 0:43:19]} Kxf7 {[%clk 0:23:06]}
20. Bxf4 {[%clk 0:43:22]} Bxf4 {[%clk 0:23:23]} 21. Rxf4+ {[%clk 0:43:49]} Kg8
{[%clk 0:22:31]} 22. Qd2 {[%clk 0:42:55]} Be6 {[%clk 0:18:03]} 23. a4 {[%clk
0:27:31]} c5 {[%clk 0:08:44]} 24. c3 {[%clk 0:19:39]} Bb3 {[%clk 0:05:45]} 25.
Raf1 {[%clk 0:10:27]} Ne6 {[%clk 0:02:44]} 26. Rf6 {[%clk 0:10:14]} Qe7 {[%clk
0:02:08]} 27. axb5 {[%clk 0:07:25]} axb5 {[%clk 0:02:32]} 28. h3 {[%clk 0:06:23]}
Rd8 {[%clk 0:01:16]} 29. R1f3 {[%clk 0:05:35]} Ng7 {[%clk 0:01:20]} 30. Qg5
{[%clk 0:04:30]} Ne6 {[%clk 0:00:36]} 31. Rxg6+ {[%clk 0:04:34]} 1-0